Czechia True of False? - Statistics

General Stats
  • This quiz has been taken 109 times
  • The average score is 13 of 15
Answer Stats
Question Answer % Correct
Is Czechia member of NATO? Yes
100%
Czechia borders 5 countries No
94%
Czechia is using euro as currency. No
94%
Czechia have 17 regions. No
94%
President of Czechia is Petr Fiala No
88%
Czechia is made up of three parts Yes
88%
Ostrava is 3rd biggest city. Yes
88%
Karel Gott was famous singer Yes
88%
Is Czechia safe? Yes
88%
Czechia was created 1.1.1995 No
82%
Petr Fiala is bishop. No
82%
Is Czechia the most atheist country in Europe? Yes
82%
Karolina Pliskova is famous czech actress. No
76%
Czechia have around 11 milions people. Yes
76%
Czechia have area around 78 000 km². Yes
65%
No matching quizzes found
Score Distribution
Percent of People with Each Score
Percentile by Number Answered
Your Score History
You have not taken this quiz